350 món ăn đãi tiệc

Cuốn sách "350 Món Ăn Đãi Tiệc" hướng dẫn bạn cách làm cụ thể từng bước từ khâu chuẩn bị, lựa chọn thực phẩm, chế biến làm sao để nấu được những món ăn trông thật hấp dẫn, ngọn miệng, bổ dưỡng và dễ làm. Bạn không ca...

Volledige beschrijving

Bewaard in:
Bibliografische gegevens
Hoofdauteur: Huỳnh Hương
Formaat: Boek
Taal:Undetermined
Gepubliceerd in: Hà Nội Thanh Niên 2008
Onderwerpen:
Tags: Voeg label toe
Geen labels, Wees de eerste die dit record labelt!
Thư viện lưu trữ: Trung tâm Học liệu Trường Đại học Cần Thơ
LEADER 01187nam a2200205Ia 4500
001 CTU_159387
008 210402s9999 xx 000 0 und d
020 |c 37000 
082 |a 641.568 
082 |b H531 
100 |a Huỳnh Hương 
245 0 |a 350 món ăn đãi tiệc 
245 0 |c Huỳnh Hương, Kim Thanh 
260 |a Hà Nội 
260 |b Thanh Niên 
260 |c 2008 
520 |a Cuốn sách "350 Món Ăn Đãi Tiệc" hướng dẫn bạn cách làm cụ thể từng bước từ khâu chuẩn bị, lựa chọn thực phẩm, chế biến làm sao để nấu được những món ăn trông thật hấp dẫn, ngọn miệng, bổ dưỡng và dễ làm. Bạn không cần đến nhà hàng mà vẫn có thể thưởng thức những món ăn ngon do chính tay mình nấu, đó chính là cách bạn chăm sóc gia đình, những người thân yêu nhất của bạn. 
650 |a Dinners and dining,Cookbooks,Cooking,Nấu ăn 
904 |i Trọng Hiếu 
980 |a Trung tâm Học liệu Trường Đại học Cần Thơ